Estonia

Titel: Estonia : a reference book
Veröffentlicht: Tallinn : Estonian Encyclopaedia Publ., 1993-
Erscheinungsverlauf: 1993 -
Format: Zeitschrift, Zeitung
Sprache: Englisch
Schlagworte:
Frühere/Spätere Titel: Fortsetzung von: The Baltic states
Kein Bild verfügbar
X
Lokale Klassifikation: 47 1 B
alg: 4864580
001A    $06050:21-06-96 
001B    $06050:24-10-25 $t16:57:17.000 
001D    $06050:10-10-15 
001U    $0utf8 
001X    $00 
002@    $0Abvc 
002C    $aText $btxt $2rdacontent 
002D    $aohne Hilfsmittel zu benutzen $bn $2rdamedia 
002E    $aBand $bnc $2rdacarrier 
003@    $004864580X 
003O    $0183351832 $aOCoLC 
006Z    $01186114-9 
007A    $01186114-9 $aZDB 
010@    $aeng 
011@    $a1993 $n1993- 
013D    $RPresse $RFortlaufendes Sammelwerk $#Periodicals $#Yearbooks $#Périodiques $#Annuaires $#Publicaciones periódicas $#journals $#Periodical $#Periodicals as Topic $#Zeitschrift $#Zeitschrift $#Periodikum $#Zeitschriften $74067488-5 $8Zeitschrift [Tsz] $9085189774 
018@    $0u 
021A    $aEstonia $da reference book 
031@    $a1993 - 
031N    $6 $j1993 
033A    $pTallinn $nEstonian Encyclopaedia Publ. 
039E    $aFortsetzung von $bf $tThe Baltic states 
044K    $qZDB $RGouvernement Estland $REstnische Sozialistische Sowjetrepublik $#Estland $#Estland $#Estland $#Estland (vor 1940) $#Republik Estland $#Estnische Republik $#Eesti $#Eesti Vabariik $#EV $#Estonia $#Republic of Estonia $#Estonie $#Ėstonskaja Respublika $74015587-0 $8Estland [Tg1] $9085035777 
045U    $e910 $e940 

lok: 4864580 24
101B    $016-07-08 $t12:02:13.000 
101U    $0utf8 
145S/01 $a330 
145S/02 $a383 
145S/03 $a380 
145Z/01 $a47 1 B 

exp: 4864580 24 1 #EPN
201B/01 $010-11-11 $t12:22:36.000 
201U/01 $0utf8 
203@/01 $0086485970 
208@/01 $a07-10-98 $bp 
209A/01 $a94.0471 $f050 $h94 0471 $x00 
209E/01 $a1993 $x02 
220C/01 $a(O)//10.11.11//Ho-Sz 
231@/01 $j1993 
247C/01 $8358050-7 Marburg, Bibliothek des Herder-Instituts Marburg $9102600961 

exp: 4864580 24 2 #EPN
201B/02 $010-11-11 $t12:21:47.000 
201C/02 $016-07-08 
201U/02 $0utf8 
203@/02 $0546809162 
208@/02 $a16-07-08 $bp 
209A/02 $a94.0471 b $f050 $h94 0471 / + 2 $x00 
209E/02 $a2. Ex. $x01 
209E/02 $a1993 $x02 
220C/02 $a(O) 
231@/02 $j1993 
247C/02 $8358050-7 Marburg, Bibliothek des Herder-Instituts Marburg $9102600961 

lok: 4864580 25
101B    $025-02-04 $t12:32:41.000 
145S/01 $a330 
145S/02 $a383 
145S/03 $a380 
101U    $0utf8 

exp: 4864580 25 1 #EPN
201B/01 $019-01-21 $t15:30:58.000 
201U/01 $0utf8 
203@/01 $0076483223 
208@/01 $a07-10-98 $bp 
209A/01 $aTEe 2045 $dd $f092 $x00 
209C/01 $a29588/94 
209E/01 $a1993 $x02 
209G/01 $aOsteuropäische Geschichte $x01 
231@/01 $j1993 
247C/01 $8651092-9 <77/092>Mainz, Universität Mainz, Bereichsbibliothek Philosophicum, Standort Osteuropäische Geschichte $9102600414 

lok: 4864580 78

exp: 4864580 78 1 #EPN
201B/01 $019-04-17 $t14:15:15.000 
201U/01 $0utf8 
203@/01 $0790923874 
208@/01 $a12-11-16 $be 
209A/01 $a/ $f000 $x00 
237A/01 $aweiterführende Signatur(en): Herder-Institut: L 571,1 
244Z/01 $2Trx $#Estija $#Igaunija $#Estland $#Estonia $#Estonia $#Estónsko $#Estonsko $8--Trx--Eesti $x01 $9391237225 
247C/01 $82080>Marburg/Lahn, Herder-Institut, Forschungsbibliothek, Bibliographieportal $9336309341
LEADER 00000cas a2200000 c 4500
001 04864580X
003 DE-603
005 20251024165717.0
007 tu
008 960621c19939999xx u| p| 0 |1eng c
016 7 |2 DE-600  |a 1186114-9 
035 |a (DE-599)ZDB1186114-9 
035 |a (OCoLC)183351832 
040 |a DE-603  |b ger  |c DE-603  |d DE-603 
041 |a eng 
084 |a 910  |a 940  |q DE-600  |2 sdnb 
245 0 0 |a Estonia  |b a reference book 
264 3 1 |a Tallinn  |b Estonian Encyclopaedia Publ.  |c 1993- 
336 |a Text  |b txt  |2 rdacontent 
337 |a ohne Hilfsmittel zu benutzen  |b n  |2 rdamedia 
338 |a Band  |b nc  |2 rdacarrier 
362 0 |a 1993 - 
363 0 1 |8 1.1\x  |i 1993 
651 7 |a Estland  |0 (DE-588)4015587-0  |0 (DE-603)085035777  |2 gnd 
655 7 |a Zeitschrift  |2 gnd-content  |0 (DE-588)4067488-5  |0 (DE-603)085189774 
780 0 0 |i Fortsetzung von  |t The Baltic states 
924 0 |9 Mb 50  |a (DE-603)086485970  |b DE-Mb50  |c HES  |d c  |g 94.0471  |q 1993  |z 1993 
924 0 |9 Mb 50  |a (DE-603)546809162  |b DE-Mb50  |c HES  |d c  |g 94.0471 b  |q 1993  |z 1993 
924 0 |9 77/092  |a (DE-603)076483223  |b DE-77-092  |c HES  |d d  |g TEe 2045  |q 1993  |z 1993 
924 0 |9 2080  |a (DE-603)790923874  |b DE-2080  |c HES  |d d  |g /